Planet Venus / (Record no. 1918)

MARC details
000 -LEADER
fixed length control field 00826cam a2200277 i 4500
005 - DATE AND TIME OF LATEST TRANSACTION
control field 20231010141059.0
020 ## - INTERNATIONAL STANDARD BOOK NUMBER
International Standard Book Number 9780531211595 (library binding)
020 ## - INTERNATIONAL STANDARD BOOK NUMBER
International Standard Book Number 9780531253656 (pbk.)
040 ## - CATALOGING SOURCE
Original cataloging agency DLC
Language of cataloging eng
Transcribing agency DLC
Description conventions rda
Modifying agency DLC
050 00 - LIBRARY OF CONGRESS CALL NUMBER
Classification number QB621
Item number .T39 2014
082 00 - DEWEY DECIMAL CLASSIFICATION NUMBER
Classification number 523.42
Edition number 23
100 1# - MAIN ENTRY--PERSONAL NAME
Personal name Taylor-Butler, Christine.
245 10 - TITLE STATEMENT
Title Planet Venus /
Statement of responsibility, etc. by Christine Taylor-Butler.
260 ## - PUBLICATION, DISTRIBUTION, ETC.
Place of publication, distribution, etc. New York :
Name of publisher, distributor, etc. Scholastic,
Date of publication, distribution, etc. 2014
300 ## - PHYSICAL DESCRIPTION
Extent 48 pages :
Other physical details color illustrations ;
Dimensions 22 cm
490 0# - SERIES STATEMENT
Series statement A true book
505 0# - FORMATTED CONTENTS NOTE
Formatted contents note M
505 0# - FORMATTED CONTENTS NOTE
Formatted contents note Earth's twin? -- A hostile environment -- Following the sun -- Visiting Earth's neighbor -- True statistics.
521 ## - TARGET AUDIENCE NOTE
Target audience note 810 <br/>
Source Lexile
521 ## - TARGET AUDIENCE NOTE
Target audience note M
Source Raz-Plus
650 ## - SUBJECT ADDED ENTRY--TOPICAL TERM
Source of heading or term Astronomy
650 ## - SUBJECT ADDED ENTRY--TOPICAL TERM
Source of heading or term Space
650 ## - SUBJECT ADDED ENTRY--TOPICAL TERM
Source of heading or term Planets
Topical term or geographic name entry element Venus
942 ## - ADDED ENTRY ELEMENTS (KOHA)
Source of classification or shelving scheme Dewey Decimal Classification
Koha item type Books
Suppress in OPAC No
999 ## -
-- 1918
-- 1918
Holdings
Withdrawn status Lost status Source of classification or shelving scheme Damaged status Not for loan Collection Home library Current library Shelving location Date acquired Total Checkouts Full call number Barcode Date due Date last seen Date last checked out Price effective from Koha item type
    Dewey Decimal Classification     Non-Fiction Footprints International School Library Network Toul Kork Campus Footprints International School Library Network Toul Kork Campus A TK Campus, 4th Floor, Room B401, Non-Fiction Bookcases(7-8) 10/10/2023 1 TAY 523.42 QB621.T39 FISTK05532 04/14/2026 03/31/2026 03/31/2026 10/10/2023 Books